Welcome to WEB OPAC of MRSPTU Central Library

Waste water engineering : treatments disposal and reuse (Record no. 263)

MARC details
000 -LEADER
fixed length control field 00420nam a2200157Ia 4500
008 - FIXED-LENGTH DATA ELEMENTS--GENERAL INFORMATION
fixed length control field 230711s9999||||xx |||||||||||||| ||und||
041 ## - LANGUAGE CODE
Language code of text/sound track or separate title ENG
082 ## - DEWEY DECIMAL CLASSIFICATION NUMBER
Classification number 628
Item number ME-W
100 ## - MAIN ENTRY--PERSONAL NAME
Personal name Eddy,Inc
245 #0 - TITLE STATEMENT
Title Waste water engineering : treatments disposal and reuse
250 ## - EDITION STATEMENT
Edition statement 1st Ed.
260 ## - PUBLICATION, DISTRIBUTION, ETC.
Date of publication, distribution, etc. 1990
Place of publication, distribution, etc. New Delhi
Name of publisher, distributor, etc. Tata McGraw Hill Education Limited
650 ## - SUBJECT ADDED ENTRY--TOPICAL TERM
Topical term or geographic name entry element Civil Engineering
700 ## - ADDED ENTRY--PERSONAL NAME
Personal name Metcalf M.N
942 ## - ADDED ENTRY ELEMENTS (KOHA)
Koha item type Book
Holdings
Withdrawn status Lost status Damaged status Not for loan Collection Home library Current library Date acquired Total checkouts Full call number Barcode Date last seen Price effective from Koha item type
          MRSPTU Central Library MRSPTU Central Library     628 ME-W 1585 08/17/2023 08/17/2023 Book
          MRSPTU Central Library MRSPTU Central Library     628 ME-W 1586 08/17/2023 08/17/2023 Book
          MRSPTU Central Library MRSPTU Central Library     628 ME-W 2183 08/17/2023 08/17/2023 Book
          MRSPTU Central Library MRSPTU Central Library     628 ME-W 3995 08/17/2023 08/17/2023 Book
          MRSPTU Central Library MRSPTU Central Library     628 ME-W 3996 08/17/2023 08/17/2023 Book
          MRSPTU Central Library MRSPTU Central Library     628 ME-W 3997 08/17/2023 08/17/2023 Book
          MRSPTU Central Library MRSPTU Central Library     628 ME-W 3998 08/17/2023 08/17/2023 Book
          MRSPTU Central Library MRSPTU Central Library     628 ME-W 3999 08/17/2023 08/17/2023 Book
          MRSPTU Central Library MRSPTU Central Library     628 ME-W PBB1585 08/17/2023 08/17/2023 Book
          MRSPTU Central Library MRSPTU Central Library     628 ME-W PBB1586 08/17/2023 08/17/2023 Book
          MRSPTU Central Library MRSPTU Central Library     628 ME-W PBB2183 08/17/2023 08/17/2023 Book

Website Designed and Developed by MRSPTU Central Library Team

E-mail Id: librarian@mrsptu.ac.in